<?xml version="1.0" encoding="UTF-8"?>
<record
    xmlns:xsi="http://www.w3.org/2001/XMLSchema-instance"
    xsi:schemaLocation="http://www.loc.gov/MARC21/slim http://www.loc.gov/standards/marcxml/schema/MARC21slim.xsd"
    xmlns="http://www.loc.gov/MARC21/slim">

  <leader>01739nam a2200313 a 4500</leader>
  <controlfield tag="001"> </controlfield>
  <controlfield tag="003">OSt</controlfield>
  <controlfield tag="005">20241021150158.0</controlfield>
  <controlfield tag="008">150203s2014    dr            000 0 spa d</controlfield>
  <datafield tag="040" ind1=" " ind2=" ">
    <subfield code="a">DO-SdBNP</subfield>
    <subfield code="b">spa</subfield>
    <subfield code="c">DO-SdBNP</subfield>
  </datafield>
  <datafield tag="082" ind1=" " ind2=" ">
    <subfield code="a">342.7293068</subfield>
    <subfield code="b"> R426c</subfield>
  </datafield>
  <datafield tag="110" ind1="1" ind2=" ">
    <subfield code="a">Rep&#xFA;blica Dominicana.</subfield>
    <subfield code="9">447</subfield>
  </datafield>
  <datafield tag="240" ind1="1" ind2="0">
    <subfield code="a">[Leyes, etc.]</subfield>
  </datafield>
  <datafield tag="245" ind1="1" ind2="0">
    <subfield code="a">Compendio de normas sobre profesionalizaci&#xF3;n de la funci&#xF3;n p&#xFA;blica :</subfield>
    <subfield code="b">Ley de Funci&#xF3;n P&#xFA;blica y sus reglamentos de aplicaci&#xF3;n y ley org&#xE1;nica de Administraci&#xF3;n P&#xFA;blica Ley no. 247-12 /</subfield>
    <subfield code="c">presentaci&#xF3;n ; Ram&#xF3;n Ventura Camejo.</subfield>
  </datafield>
  <datafield tag="250" ind1=" " ind2=" ">
    <subfield code="a">9a ed. </subfield>
  </datafield>
  <datafield tag="260" ind1=" " ind2=" ">
    <subfield code="a">Santo Domingo :</subfield>
    <subfield code="a">Ministerio de Administraci&#xF3;n P&#xFA;blica (MAP),  </subfield>
    <subfield code="c">2014.</subfield>
  </datafield>
  <datafield tag="300" ind1=" " ind2=" ">
    <subfield code="a">254 p. ;</subfield>
    <subfield code="c">22 cm.</subfield>
  </datafield>
  <datafield tag="505" ind1="0" ind2=" ">
    <subfield code="a">Ley no. 41-08 de funci&#xF3;n p&#xFA;blica --</subfield>
    <subfield code="t">Reglamento de relaciones laborales en la administraci&#xF3;n p&#xFA;blica. No. 523-09 --</subfield>
    <subfield code="t">Reglamento de reclutamiento y selecci&#xF3;n de personal en la administraci&#xF3;n p&#xFA;blica. No. 524-09 --</subfield>
    <subfield code="t">Reglamento de evaluaci&#xF3;n del desenpe&#xF1;o y promoci&#xF3;n de los servidores y funcionarios de la administraci&#xF3;n p&#xFA;blica. No. 525-09 --</subfield>
    <subfield code="t">Reglamento de estructura organizativa, cargo y pol&#xED;tica salarial. No. 527-09</subfield>
    <subfield code="t">Ley org&#xE1;ica de admistraci&#xF3;n p&#xFA;blica (ley No. 247-12)</subfield>
  </datafield>
  <datafield tag="590" ind1=" " ind2=" ">
    <subfield code="a">Inventariado, 2020/VM</subfield>
  </datafield>
  <datafield tag="650" ind1=" " ind2="0">
    <subfield code="x">Rep&#xFA;blica Dominicana</subfield>
    <subfield code="a">Rep&#xFA;blica Dominicana</subfield>
    <subfield code="9">9306</subfield>
  </datafield>
  <datafield tag="650" ind1=" " ind2="7">
    <subfield code="a">Funci&#xF3;n p&#xFA;blica </subfield>
    <subfield code="z">Rep&#xFA;blica Dominicana  </subfield>
    <subfield code="9">17764</subfield>
  </datafield>
  <datafield tag="650" ind1=" " ind2="7">
    <subfield code="a">Funcionarios p&#xFA;blicos </subfield>
    <subfield code="z">Rep&#xFA;blica Dominicana  </subfield>
    <subfield code="9">6503</subfield>
  </datafield>
  <datafield tag="650" ind1=" " ind2="0">
    <subfield code="a">Carrera administrativa</subfield>
    <subfield code="z">Rep&#xFA;blica Dominicana</subfield>
    <subfield code="9">35844</subfield>
  </datafield>
  <datafield tag="651" ind1=" " ind2=" ">
    <subfield code="2"> |  </subfield>
  </datafield>
  <datafield tag="700" ind1="1" ind2="2">
    <subfield code="a">Ventura Camejo, Ram&#xF3;n</subfield>
    <subfield code="e">present.</subfield>
    <subfield code="9">26937</subfield>
  </datafield>
  <datafield tag="710" ind1="2" ind2="2">
    <subfield code="a">Rep&#xFA;blica Dominicana.</subfield>
    <subfield code="b">Ministerio de Administraci&#xF3;n P&#xFA;blica</subfield>
    <subfield code="9">38094</subfield>
  </datafield>
  <datafield tag="942" ind1=" " ind2=" ">
    <subfield code="2">ddc</subfield>
    <subfield code="c">LF1</subfield>
  </datafield>
  <datafield tag="952" ind1=" " ind2=" ">
    <subfield code="0">0</subfield>
    <subfield code="1">0</subfield>
    <subfield code="2">ddc</subfield>
    <subfield code="7">0</subfield>
    <subfield code="8">PD</subfield>
    <subfield code="a">BNPHU</subfield>
    <subfield code="b">PD</subfield>
    <subfield code="d">2020-10-05</subfield>
    <subfield code="e">Francisco C&#xE1;ceres </subfield>
    <subfield code="l">0</subfield>
    <subfield code="o">342.7293068  R426c</subfield>
    <subfield code="p">2020-0078</subfield>
    <subfield code="r">2020-10-05</subfield>
    <subfield code="w">2020-10-05</subfield>
    <subfield code="y">LFPD</subfield>
  </datafield>
  <datafield tag="952" ind1=" " ind2=" ">
    <subfield code="0">0</subfield>
    <subfield code="1">0</subfield>
    <subfield code="2">ddc</subfield>
    <subfield code="7">2</subfield>
    <subfield code="8">PD</subfield>
    <subfield code="a">BNPHU</subfield>
    <subfield code="b">PD</subfield>
    <subfield code="d">2020-10-05</subfield>
    <subfield code="e">Francisco C&#xE1;ceres </subfield>
    <subfield code="l">0</subfield>
    <subfield code="o">342.7293068  R426c</subfield>
    <subfield code="p">2020-0079</subfield>
    <subfield code="r">2020-10-05</subfield>
    <subfield code="t">e. 2</subfield>
    <subfield code="w">2020-10-05</subfield>
    <subfield code="y">LFPD</subfield>
  </datafield>
  <datafield tag="956" ind1=" " ind2=" ">
    <subfield code="u">VMateo</subfield>
  </datafield>
  <datafield tag="999" ind1=" " ind2=" ">
    <subfield code="c">48812</subfield>
    <subfield code="d">48812</subfield>
  </datafield>
</record>
